Relationship between state institutions and private participation in infrastructure in developing economies (Record no. 115656)

MARC details
000 -LEADER
fixed length control field 01625cad a2200289 4500
001 - CONTROL NUMBER
control field L159062
008 - FIXED-LENGTH DATA ELEMENTS--GENERAL INFORMATION
fixed length control field 100215n2013 000 0 eng u
020 ## - INTERNATIONAL STANDARD BOOK NUMBER
International Standard Book Number 9781783210305
035 ## - SYSTEM CONTROL NUMBER
System control number (Sirsi) u159062
041 ## - LANGUAGE CODE
Language code of text/sound track or separate title eng
100 1# - MAIN ENTRY--PERSONAL NAME
Personal name Regan, Michael
111 2# - MAIN ENTRY--MEETING NAME
Meeting name or jurisdiction name as entry element Construction and Building Research Conference
Location of meeting IIT Delhi, New Delhi
Date of meeting or treaty signing 10-12 September 2013
245 00 - TITLE STATEMENT
Title Relationship between state institutions and private participation in infrastructure in developing economies
Remainder of title A case study approach
Medium [electronic resource]
260 ## - PUBLICATION, DISTRIBUTION, ETC.
Place of publication, distribution, etc. London
Name of publisher, distributor, etc. RICS
Date of publication, distribution, etc. 2013
490 #0 - SERIES STATEMENT
Series statement COBRA
Volume/sequential designation 2013
520 ## - SUMMARY, ETC.
Summary, etc. A paper presented at the COBRA Conference in New Delhi on 10-12 September 2013. Examines the relationship between institutional development and the delivery of Public-Private Infrastructure projects using case studies in three developing and transition economies in Africa: Kenya, Nigeria and Algeria. The study attempts to identify the connection between basic and efficiency-enhancing state institutions and private investment in infrastructure services for the three countries given their present stage of development.
650 24 - SUBJECT ADDED ENTRY--TOPICAL TERM
Topical term or geographic name entry element CONSTRUCTION AND BUILDING RESEARCH CONFERENCE (COBRA)
650 24 - SUBJECT ADDED ENTRY--TOPICAL TERM
Topical term or geographic name entry element PUBLIC PRIVATE PARTNERSHIPS
650 24 - SUBJECT ADDED ENTRY--TOPICAL TERM
Topical term or geographic name entry element DEVELOPING COUNTRIES
651 #4 - SUBJECT ADDED ENTRY--GEOGRAPHIC NAME
Geographic name Africa
690 ## - LOCAL SUBJECT ADDED ENTRY--TOPICAL TERM (OCLC, RLIN)
Topical term or geographic name as entry element Procurement
9 (RLIN) 6260
690 ## - LOCAL SUBJECT ADDED ENTRY--TOPICAL TERM (OCLC, RLIN)
Topical term or geographic name as entry element Infrastructure
9 (RLIN) 6246
700 1# - ADDED ENTRY--PERSONAL NAME
Personal name Smith, Jim
700 1# - ADDED ENTRY--PERSONAL NAME
Personal name Love, Peter
856 40 - ELECTRONIC LOCATION AND ACCESS
Uniform Resource Identifier <a href="https://www.rics.org/Global/Paper%20146%20RELATIONSHIP%20BETWEEN%20STATE%20INSTITUTIONS%20AND%20PRIVATE%20PARTICIPATION.pdf">https://www.rics.org/Global/Paper%20146%20RELATIONSHIP%20BETWEEN%20STATE%20INSTITUTIONS%20AND%20PRIVATE%20PARTICIPATION.pdf</a>
Public note View this item free of charge at www.rics.org
942 ## - ADDED ENTRY ELEMENTS (KOHA)
Suppress in OPAC 0
Holdings
Withdrawn status Lost status Source of classification or shelving scheme Damaged status Not for loan Home library Current library Shelving location Date acquired Total Checkouts Full call number Barcode Date last seen Copy number Price effective from Koha item type
    Dewey Decimal Classification     Virtual Virtual Online 24/12/2015   ONLINE PUBLICATION 159062-2001 06/08/2019 1 06/08/2019 Book